UEFA Champions League players 2016/17 - Statistics

General Stats
  • This quiz has been taken 4 times
  • The average score is 300 of 698
Answer Stats
Rank Player Positions Nationality Matches Goals (assists) Clubs % Correct
163 Adama Traoré DF, MF 6 0 (0)
100%
2 Adrián Ramos FW 1 1 (0)
100%
295 Adrien Silva MF 5 1 (1)
100%
3 Aleix Vidal DF, MF, FW 1 0 (0)
100%
166 Aleksandar Kolarov DF 6 0 (2)
100%
399 Alexandre Lacazette FW 4 1 (0)
100%
73 Alexis Sánchez MF, FW 8 3 (3)
100%
298 Almamy Touré DF, MF 5 0 (0)
100%
44 Álvaro Morata FW 9 3 (1)
100%
17 Andrea Barzagli DF 11 0 (0)
100%
75 André Gomes MF 8 0 (0)
100%
76 André Silva FW 8 4 (2)
100%
77 Andrés Iniesta MF 8 1 (3)
100%
128 Ángel Di María MF, FW 7 4 (1)
100%
3 Antoine Griezmann MF, FW 12 6 (2)
100%
78 Arjen Robben MF, FW 8 3 (0)
100%
79 Arturo Vidal MF 8 3 (0)
100%
19 Bernardo Silva MF, FW 11 2 (1)
100%
183 César Navas DF 6 0 (0)
100%
184 Christian Eriksen MF, FW 6 0 (1)
100%
47 Christian Fuchs DF, MF 9 0 (1)
100%
1 Cristiano Ronaldo MF, FW 13 12 (6)
100%
4 Dani Alves DF, MF 12 3 (3)
100%
17 Danilo da Silva DF 1 0 (0)
100%
19 Danny da Costa DF, FW 1 0 (0)
100%
35 Danny Drinkwater MF 10 0 (1)
100%
189 Danny Simpson DF 6 0 (0)
100%
190 David Silva MF, FW 6 1 (2)
100%
20 Denis Suárez MF, FW 1 0 (0)
100%
22 Diego Godín DF 11 0 (0)
100%
194 Domagoj Vida DF, MF 6 0 (0)
100%
50 Douglas Costa MF, FW 9 2 (2)
100%
87 Dries Mertens MF, FW 8 5 (2)
100%
88 Edinson Cavani MF, FW 8 8 (1)
100%
494 Emre Mor MF, FW 3 0 (0)
100%
134 Fernandinho DF, MF 7 1 (0)
100%
420 Fernando DF, MF 4 0 (0)
100%
200 Franck Ribéry MF, FW 6 0 (2)
100%
92 Gareth Bale MF, FW 8 2 (2)
100%
93 Gerard Piqué DF 8 1 (0)
100%
5 Gianluigi Buffon GK 12 0 (0)
100%
52 Giorgio Chiellini DF 9 1 (0)
100%
6 Gonzalo Higuaín MF, FW 12 5 (1)
100%
211 Hugo Lloris GK 6 0 (0)
100%
423 Ibrahima Traoré MF, FW 4 0 (0)
100%
213 İlkay Gündoğan MF 6 2 (0)
100%
53 Ivan Rakitić MF 9 0 (0)
100%
215 James Rodríguez MF, FW 6 0 (2)
100%
54 Jamie Vardy FW 9 2 (0)
100%
96 Javier Hernández FW 8 1 (0)
100%
97 Javier Mascherano DF, MF 8 0 (0)
100%
139 Javi Martínez DF, MF 7 0 (0)
100%
217 Jérôme Boateng DF 6 0 (0)
100%
334 Jesús Navas DF, FW 5 0 (0)
100%
219 Jordi Alba DF, MF 6 0 (0)
100%
41 José Gomes DF, FW 1 0 (0)
100%
7 Juan Cuadrado DF, MF, FW 12 0 (1)
100%
101 Kalidou Koulibaly DF 8 0 (0)
100%
2 Karim Benzema FW 13 5 (2)
100%
102 Kasper Schmeichel GK 8 0 (0)
100%
225 Kevin De Bruyne MF, FW 6 1 (1)
100%
8 Keylor Navas GK 12 0 (0)
100%
509 Kolo Touré DF 3 0 (0)
100%
57 Kylian Mbappé MF, FW 9 6 (0)
100%
228 Lacina Traoré FW 6 1 (1)
100%
103 Laurent Koscielny DF 8 0 (0)
100%
27 Leonardo Bonucci DF 11 1 (0)
100%
58 Lionel Messi MF, FW 9 11 (2)
100%
440 Lucas Hernández DF 4 0 (0)
100%
442 Luis Hernández DF 4 0 (0)
100%
59 Luis Suárez FW 9 3 (3)
100%
28 Luka Modrić MF 11 0 (1)
100%
61 Manuel Neuer GK 9 0 (0)
100%
62 Marc Albrighton DF, MF, FW 9 2 (0)
100%
63 Marc-André ter Stegen GK 9 0 (0)
100%
29 Marcelo DF, MF 11 0 (3)
100%
233 Marcelo DF 6 0 (0)
100%
105 Marek Hamšík MF 8 2 (2)
100%
30 Mario Mandžukić MF, FW 11 3 (0)
100%
64 Mats Hummels DF 9 0 (0)
100%
451 Mousa Dembélé MF 4 0 (0)
100%
244 Moussa Dembélé MF, FW 6 3 (0)
100%
453 Moussa Sissoko MF, FW 4 0 (0)
100%
65 Neymar MF, FW 9 4 (8)
100%
250 Olivier Giroud FW 6 2 (1)
100%
40 Ousmane Dembélé MF, FW 10 2 (6)
100%
253 Pablo Zabaleta DF, MF 6 0 (0)
100%
254 Patrice Evra DF 6 0 (0)
100%
526 Pepe DF, MF 3 0 (0)
100%
527 Rafa Silva MF, FW 3 0 (0)
100%
41 Raphaël Varane DF, MF 10 2 (0)
100%
260 Raúl Albiol DF 6 0 (0)
100%
263 Ricardo Quaresma MF, FW 6 3 (2)
100%
114 Robert Huth DF 8 0 (0)
100%
68 Robert Lewandowski FW 9 8 (1)
100%
267 Rui Patrício GK 6 0 (0)
100%
32 Sami Khedira MF 11 0 (0)
100%
157 Sergio Agüero FW 7 5 (3)
100%
118 Sergio Busquets MF 8 0 (0)
100%
33 Sergio Ramos DF 11 1 (3)
100%
273 Son Heung-min MF, FW 6 1 (0)
100%
278 Theo Walcott MF, FW 6 4 (0)
100%
70 Thiago Alcántara MF 9 2 (3)
100%
160 Thiago Silva DF 7 0 (0)
100%
13 Toni Kroos MF 12 1 (2)
100%
291 Yann Sommer GK 6 0 (0)
100%
100 Yaya Touré MF 1 0 (0)
100%
598 Aboubakar Keita MF 1 0 (0)
75%
1 Adrián López MF, FW 1 0 (0)
75%
294 Adrien Rabiot MF 5 0 (1)
75%
125 Alex Iwobi MF, FW 7 1 (0)
75%
16 Alex Sandro DF, MF 11 0 (1)
75%
74 Allan DF, MF 8 0 (0)
75%
170 Alphonse Areola GK 6 0 (0)
75%
45 Ángel Correa MF, FW 9 0 (0)
75%
301 Arda Turan MF, FW 5 4 (1)
75%
410 Arkadiusz Milik FW 4 3 (1)
75%
179 Bas Dost FW 6 1 (0)
75%
80 Blaise Matuidi MF 8 2 (1)
75%
46 Casemiro MF 9 2 (2)
75%
182 Cenk Tosun MF, FW 6 1 (0)
75%
81 Charles Aránguiz MF 8 0 (0)
75%
414 Claudio Bravo GK 4 0 (0)
75%
20 Dani Carvajal DF 11 0 (5)
75%
21 Danijel Subašić GK 11 0 (0)
75%
489 Danny Rose DF, MF 3 0 (1)
75%
48 David Alaba DF, MF 9 0 (2)
75%
85 David Ospina GK 8 0 (0)
75%
192 Dele Alli MF, FW 6 1 (1)
75%
315 Derlis González FW 5 1 (0)
75%
133 Elseid Hysaj DF 7 0 (0)
75%
317 Eric Dier DF, MF 5 0 (0)
75%
36 Fabinho DF, MF 10 1 (2)
75%
51 Fernando Torres FW 9 1 (1)
75%
37 Filipe Luís DF 10 0 (1)
75%
321 Franco Vázquez MF, FW 5 0 (1)
75%
23 Gabi MF 11 0 (0)
75%
201 Gelson Martins MF, FW 6 0 (0)
75%
138 Granit Xhaka DF, MF 7 1 (0)
75%
205 Grzegorz Krychowiak MF 6 0 (0)
75%
208 Hans Vanaken MF, FW 6 0 (0)
75%
498 Harry Kane FW 3 2 (0)
75%
422 Harry Winks MF 4 0 (0)
75%
327 Héctor Bellerín DF, MF 5 0 (0)
75%
210 Héctor Moreno DF 6 0 (0)
75%
94 Iker Casillas GK 8 0 (0)
75%
214 Isco MF, FW 6 1 (0)
75%
329 Islam Slimani FW 5 1 (1)
75%
24 Jan Oblak GK 11 0 (0)
75%
332 Jan Vertonghen DF 5 0 (0)
75%
501 Jeffrey Schlupp DF, MF, FW 3 0 (0)
75%
566 Jérémy Mathieu DF 2 0 (0)
75%
26 João Moutinho MF 11 0 (1)
75%
503 Joaquín Correa MF, FW 3 1 (0)
75%
141 John Stones DF, MF 7 1 (0)
75%
568 Jonas Hofmann MF, FW 2 0 (0)
75%
336 Jonathan Tah DF 5 0 (0)
75%
220 José María Giménez DF 6 0 (0)
75%
99 Joshua Kimmich DF, MF 8 3 (0)
75%
100 Julian Brandt MF, FW 8 1 (0)
75%
38 Kamil Glik DF, MF 10 1 (0)
75%
506 Kelechi Iheanacho MF, FW 3 2 (0)
75%
56 Kévin Gameiro FW 9 2 (1)
75%
142 Kevin Kampl MF 7 1 (2)
75%
227 Kieran Gibbs DF, MF 6 0 (1)
75%
508 Kieran Trippier DF, MF 3 0 (0)
75%
46 Kiko Casilla GK 1 0 (0)
75%
9 Koke MF 12 0 (1)
75%
511 Kyle Walker DF, MF 3 0 (0)
75%
512 Lars Bender DF, MF 3 0 (0)
75%
438 Leroy Sané MF, FW 4 2 (2)
75%
580 Lisandro López DF 2 0 (0)
75%
145 Lorenzo Insigne MF, FW 7 1 (0)
75%
146 Lucas Moura MF, FW 7 1 (2)
75%
39 Lucas Vázquez DF, MF, FW 10 1 (0)
75%
60 Łukasz Piszczek DF, MF 9 0 (1)
75%
345 Luuk de Jong FW 5 1 (1)
75%
148 Marcel Schmelzer DF 7 0 (2)
75%
104 Marco Asensio MF, FW 8 3 (1)
75%
445 Marco Reus MF, FW 4 4 (1)
75%
446 Mario Götze MF, FW 4 1 (1)
75%
150 Mario Lemina DF, MF 7 0 (0)
75%
107 Marquinhos DF, MF 8 0 (0)
75%
235 Mateo Kovačić MF 6 1 (0)
75%
449 Maxwell DF 4 0 (0)
75%
354 Medhi Benatia DF 5 0 (0)
75%
109 Mesut Özil MF, FW 8 4 (3)
75%
10 Miralem Pjanić MF 12 1 (3)
75%
357 Mohamed Elneny MF 5 0 (0)
75%
62 Moise Kean FW 1 0 (0)
75%
454 Nacho DF 4 0 (0)
75%
521 Nacho Monreal DF 3 0 (0)
75%
246 Nico Elvedi DF 6 0 (0)
75%
248 Nicolás Otamendi DF 6 0 (0)
75%
522 Nuri Şahin MF 3 1 (1)
75%
152 Óliver Torres MF, FW 7 0 (0)
75%
251 Ömer Toprak DF 6 0 (0)
75%
252 Otávio MF, FW 6 1 (1)
75%
31 Paulo Dybala MF, FW 11 4 (0)
75%
587 Paulo Oliveira DF 2 0 (0)
75%
111 Pepe Reina GK 8 0 (0)
75%
66 Pierre-Emerick Aubameyang MF, FW 9 7 (1)
75%
155 Piotr Zieliński MF, FW 7 0 (0)
75%
113 Radamel Falcao FW 8 5 (0)
75%
257 Rafinha MF, FW 6 0 (0)
75%
366 Rafinha DF 5 0 (0)
75%
156 Raheem Sterling MF, FW 7 2 (3)
75%
258 Raphaël Guerreiro DF, MF 6 1 (1)
75%
262 Renato Sanches MF, FW 6 0 (0)
75%
67 Riyad Mahrez MF, FW 9 4 (2)
75%
84 Roberto Insigne MF, FW 1 0 (0)
75%
265 Robin Olsen GK 6 0 (0)
75%
115 Roman Bürki GK 8 0 (0)
75%
116 Samuel Umtiti DF 8 0 (0)
75%
529 Santi Cazorla MF 3 0 (1)
75%
11 Saúl Ñíguez DF, MF 12 4 (0)
75%
270 Sebastián Coates DF 6 0 (0)
75%
530 Serey Die MF 3 0 (0)
75%
117 Sergi Roberto DF, MF 8 1 (0)
75%
374 Shinji Kagawa MF, FW 5 3 (2)
75%
158 Shinji Okazaki MF, FW 7 1 (0)
75%
159 Shkodran Mustafi DF 7 0 (0)
75%
531 Siem de Jong MF, FW 3 0 (0)
75%
42 Stefan Savić DF, MF 10 0 (0)
75%
88 Stephan Lichtsteiner DF, MF 1 0 (0)
75%
89 Sven Bender DF, MF 1 0 (0)
75%
90 Sven Ulreich GK 1 0 (0)
75%
277 Taulant Xhaka DF, MF 6 0 (1)
75%
378 Thiago Motta MF 5 0 (0)
75%
12 Thomas Lemar MF, FW 12 2 (4)
75%
280 Thomas Meunier DF, MF 6 1 (2)
75%
71 Thomas Müller MF, FW 9 3 (0)
75%
281 Thomas Partey DF, MF 6 0 (0)
75%
467 Thorgan Hazard DF, MF, FW 4 1 (1)
75%
43 Tiemoué Bakayoko MF 10 1 (0)
75%
535 Toby Alderweireld DF 3 1 (0)
75%
122 Victor Lindelöf DF 8 0 (0)
75%
387 Victor Wanyama MF 5 0 (0)
75%
390 Wendell DF 5 0 (1)
75%
72 Wes Morgan DF 9 1 (0)
75%
162 Xabi Alonso MF 7 0 (1)
75%
15 Yannick Carrasco DF, MF, FW 12 2 (1)
75%
597 Abdou Diallo DF 1 0 (0)
50%
124 Adil Rami DF 7 0 (0)
50%
164 Admir Mehmedi MF, FW 6 1 (1)
50%
165 Adriano DF, MF 6 1 (0)
50%
296 Ahmed Musa MF, FW 5 0 (0)
50%
297 Aleksei Berezutski DF 5 0 (0)
50%
398 Álex Grimaldo DF, MF 4 0 (0)
50%
126 Alex Oxlade-Chamberlain MF, FW 7 1 (1)
50%
127 Alex Telles DF 7 0 (2)
50%
171 Amadou Diawara MF 6 0 (0)
50%
18 Andrea Raggi DF 11 0 (0)
50%
405 Andrés Guardado DF, MF, FW 4 0 (0)
50%
300 Andriy Yarmolenko MF, FW 5 1 (2)
50%
407 Andy King MF 4 0 (0)
50%
176 Anthony Lopes GK 6 0 (0)
50%
177 Atiba Hutchinson DF, MF 6 0 (0)
50%
411 Bacary Sagna DF 4 0 (0)
50%
484 Ben Davies DF, MF 3 0 (0)
50%
130 Benjamin Mendy DF 7 0 (3)
50%
131 Bernd Leno GK 7 0 (0)
50%
11 Borna Sosa DF, FW 1 0 (0)
50%
181 Bryan Ruiz MF, FW 6 1 (0)
50%
34 Christian Pulisic DF, MF, FW 10 1 (2)
50%
82 Claudio Marchisio MF 8 1 (1)
50%
15 Clément Lenglet DF 1 0 (0)
50%
186 Corentin Tolisso DF, MF 6 2 (1)
50%
83 Daniel Amartey DF, MF 8 0 (0)
50%
552 Daniele Rugani DF 2 1 (0)
50%
488 Danilo DF, MF 3 0 (0)
50%
84 Danilo Pereira DF, MF, FW 8 0 (0)
50%
191 Davy Pröpper MF 6 1 (0)
50%
313 Demarai Gray MF, FW 5 0 (0)
50%
86 Diogo Jota MF, FW 8 1 (0)
50%
49 Djibril Sidibé DF, MF 9 1 (1)
50%
415 Dominik Livaković GK 4 0 (0)
50%
132 Ederson GK 7 0 (0)
50%
197 Erik Berg DF, MF 6 0 (0)
50%
495 Érik Lamela MF, FW 3 0 (2)
50%
318 Fabian Johnson DF, MF 5 0 (0)
50%
556 Fábio Coentrão DF, FW 2 0 (0)
50%
90 Faouzi Ghoulam DF 8 0 (3)
50%
91 Felipe DF 8 0 (0)
50%
199 Francis Coquelin DF, MF 6 0 (0)
50%
560 Gabriel Paulista DF 2 0 (0)
50%
322 Gaël Clichy DF 5 0 (0)
50%
323 Gastón Pereiro MF, FW 5 0 (1)
50%
497 Georges-Kévin N'Koudou MF, FW 3 0 (0)
50%
324 Gökhan Inler MF 5 0 (0)
50%
137 Gonzalo Castro DF, MF 7 1 (1)
50%
206 Guilherme MF, FW 6 1 (1)
50%
207 Hakan Çalhanoğlu MF, FW 6 1 (0)
50%
499 Hatem Ben Arfa MF, FW 3 0 (0)
50%
209 Héctor Herrera MF 6 0 (0)
50%
212 Igor Akinfeev GK 6 0 (0)
50%
34 Jasper Cillessen GK 1 0 (0)
50%
565 Javier Pastore MF, FW 2 0 (0)
50%
25 Jemerson DF, MF 11 0 (0)
50%
140 Jesús Corona DF, MF, FW 7 1 (1)
50%
335 Jetro Willems DF, MF 5 0 (0)
50%
502 João Pereira DF, MF 3 0 (0)
50%
431 Joel Campbell MF, FW 4 0 (0)
50%
433 Jorginho MF 4 0 (0)
50%
98 José Callejón MF, FW 8 1 (1)
50%
436 Juan Bernat DF, MF, FW 4 2 (1)
50%
221 Juanfran DF, MF 6 0 (1)
50%
55 Julian Weigl DF, MF 9 1 (0)
50%
223 Junior Fernándes MF, FW 6 0 (0)
50%
224 Júnior Moraes MF, FW 6 1 (0)
50%
576 Kevin Trapp GK 2 0 (0)
50%
226 Kevin Volland MF, FW 6 1 (0)
50%
45 Kevin Wimmer DF 1 0 (0)
50%
577 Kingsley Coman MF, FW 2 0 (0)
50%
143 Kostas Mitroglou FW 7 1 (0)
50%
510 Kwadwo Asamoah DF, MF 3 0 (0)
50%
341 Layvin Kurzawa DF, MF 5 0 (3)
50%
437 Leonardo Ulloa FW 4 0 (0)
50%
439 Lucas Digne DF, MF 4 0 (0)
50%
515 Lucas Pérez MF, FW 3 3 (2)
50%
344 Luciano Narsingh MF, FW 5 1 (0)
50%
147 Marc Bartra DF, MF 7 1 (0)
50%
149 Marco Verratti MF 7 0 (2)
50%
106 Mariano DF, MF 8 0 (2)
50%
56 Mariano MF, FW 1 0 (0)
50%
350 Mário Fernandes DF, MF, FW 5 0 (0)
50%
447 Marko Pjaca MF, FW 4 1 (0)
50%
516 Mathieu Valbuena MF, FW 3 0 (0)
50%
108 Matthias Ginter DF, MF 8 0 (1)
50%
353 Maxi Pereira DF 5 0 (1)
50%
239 Maxwel Cornet DF, MF, FW 6 1 (1)
50%
452 Moussa Doumbia MF, FW 4 0 (0)
50%
151 Nabil Dirar DF, MF 7 0 (0)
50%
358 Nabil Fekir MF, FW 5 0 (0)
50%
65 Nampalys Mendy MF 1 0 (0)
50%
110 Nélson Semedo DF, MF 8 1 (0)
50%
360 Nicolás Gaitán MF, FW 5 0 (0)
50%
585 Nikola Maksimović DF 2 0 (0)
50%
153 Pablo Sarabia MF, FW 7 1 (1)
50%
524 Paco Alcácer FW 3 0 (0)
50%
461 Paulo Machado MF 4 0 (0)
50%
154 Philipp Lahm DF, MF 7 0 (1)
50%
112 Pizzi MF, FW 8 0 (0)
50%
73 Presnel Kimpembe DF 1 0 (0)
50%
81 Rob Holding DF 1 0 (0)
50%
590 Roman Weidenfeller GK 2 0 (0)
50%
528 Rúben Neves MF 3 0 (0)
50%
266 Rúben Semedo DF, MF 6 0 (0)
50%
86 Rui Pedro MF, FW 1 0 (0)
50%
268 Sardar Azmoun MF, FW 6 2 (1)
50%
371 Serge Aurier DF, MF 5 0 (1)
50%
120 Sergio Rico GK 8 0 (0)
50%
272 Seydou Doumbia FW 6 1 (0)
50%
375 Šime Vrsaljko DF, MF 5 0 (1)
50%
69 Sokratis Papastathopoulos DF 9 1 (0)
50%
532 Stefan Kießling MF, FW 3 0 (0)
50%
275 Steven Bergwijn MF, FW 6 0 (0)
50%
121 Steven Nzonzi MF 8 1 (0)
50%
377 Stuart Armstrong MF, FW 5 0 (0)
50%
534 Tiago Mendes MF 3 0 (0)
50%
536 Tomás Rincón MF 3 0 (0)
50%
14 Valère Germain MF, FW 12 2 (1)
50%
386 Vasili Berezutski DF 5 0 (0)
50%
161 Vicente Iborra MF 7 0 (0)
50%
285 Vincent Aboubakar FW 6 3 (0)
50%
388 Vincent Janssen FW 5 0 (0)
50%
391 Wesley Moraes FW 5 0 (0)
50%
472 Wilfred Ndidi DF, MF 4 0 (0)
50%
289 William Carvalho MF 6 0 (1)
50%
392 Willy Caballero GK 5 0 (0)
50%
393 Wissam Ben Yedder MF, FW 5 2 (0)
50%
395 Aaron Ramsey MF 4 0 (1)
25%
475 Alan Dzagoev MF, FW 3 2 (0)
25%
476 Aleksandar Dragović DF, MF 3 0 (0)
25%
168 Aleksandr Golovin MF, FW 6 0 (0)
25%
482 André FW 3 0 (0)
25%
480 André André MF 3 0 (0)
25%
174 Andreas Beck DF, MF 6 0 (1)
25%
402 Andreas Christensen DF, MF 4 0 (0)
25%
172 André Hahn MF, FW 6 1 (1)
25%
173 André Schürrle MF, FW 6 1 (0)
25%
406 Andrija Pavlović FW 4 0 (0)
25%
544 Ángelo Henríquez FW 2 0 (0)
25%
129 Benjamin Henrichs DF, MF 7 0 (1)
25%
547 Brandon Mechele DF 2 0 (0)
25%
180 Bruno César MF, FW 6 2 (0)
25%
413 Callum McGregor MF 4 0 (0)
25%
487 Caner Erkin DF, MF 3 0 (0)
25%
548 Carl Jenkinson DF 2 0 (0)
25%
185 Christian Noboa MF 6 1 (0)
25%
309 Christoph Kramer MF 5 0 (0)
25%
310 Claudemir de Souza MF 5 0 (0)
25%
14 Clément Grenier MF 1 0 (0)
25%
312 Craig Gordon GK 5 0 (0)
25%
188 Daniel Schwaab DF 6 0 (0)
25%
492 Dion Cools DF, MF, FW 3 0 (0)
25%
195 Duško Tošić DF 6 0 (0)
25%
416 Eliseu DF, MF 4 0 (0)
25%
417 Erik Durm DF, FW 4 0 (1)
25%
557 Felix Passlack DF, MF 2 1 (0)
25%
136 Gabriel Mercado DF 7 0 (0)
25%
204 Gonçalo Guedes MF, FW 6 2 (0)
25%
564 Hernanes MF 2 0 (0)
25%
328 Hillel Soudani MF, FW 5 0 (0)
25%
32 Holger Badstuber DF, MF 1 0 (0)
25%
331 James Forrest DF, MF, FW 5 0 (0)
25%
427 Jannik Vestergaard DF 4 0 (0)
25%
35 Jean-Kévin Augustin FW 1 0 (0)
25%
428 Jelle Vossen MF, FW 4 1 (1)
25%
333 Jeroen Zoet GK 5 0 (0)
25%
429 Jesé MF, FW 4 0 (0)
25%
38 Jonathan Ikone MF, FW 1 0 (0)
25%
569 Jorrit Hendrix DF, MF 2 0 (0)
25%
570 Josh Onomah MF, FW 2 0 (0)
25%
435 Joshua Brenet DF 4 0 (0)
25%
222 Julian Baumgartlinger DF, MF 6 0 (0)
25%
572 Julian Draxler MF, FW 2 1 (0)
25%
42 Júlio César GK 1 0 (0)
25%
505 Kai Havertz MF, FW 3 0 (0)
25%
573 Karim Bellarabi DF, MF, FW 2 1 (0)
25%
575 Kerim Frei MF, FW 2 0 (0)
25%
340 Lars Stindl MF, FW 5 2 (1)
25%
342 Lazar Marković MF, FW 5 0 (0)
25%
343 Leonardo Sigali DF 5 0 (0)
25%
579 Leon Bailey DF, MF, FW 2 0 (0)
25%
48 Liam Henderson MF 1 0 (0)
25%
144 Ljubomir Fejsa MF 7 1 (0)
25%
232 Luisão DF 6 0 (1)
25%
444 Mahmoud Dahoud MF 4 0 (1)
25%
346 Manolo Gabbiadini MF, FW 5 1 (0)
25%
55 Marcin Wasilewski DF 1 0 (0)
25%
348 Marc Janko FW 5 0 (1)
25%
582 Marko Rog MF, FW 2 0 (0)
25%
57 Marlon DF 1 0 (0)
25%
448 Matías Kranevitter MF 4 0 (0)
25%
238 Maxime Gonalons MF 6 0 (0)
25%
517 Michał Pazdan DF, MF 3 0 (0)
25%
240 Miguel Layún DF, MF 6 1 (0)
25%
242 Mikael Lustig DF 6 0 (0)
25%
518 Mohamed Elyounoussi MF, FW 3 0 (0)
25%
67 Neto GK 1 0 (0)
25%
247 Nicolas Isimat-Mirin DF 6 0 (0)
25%
455 Nicolas Nkoulou DF 4 0 (0)
25%
584 Nico Schulz DF, MF, FW 2 0 (0)
25%
458 Nolito MF, FW 4 1 (1)
25%
459 Oğuzhan Özyakup MF 4 0 (0)
25%
460 Oleksandr Zinchenko DF, MF 4 0 (0)
25%
72 Pablo Maffeo DF 1 0 (0)
25%
255 Patrick Roberts MF, FW 6 1 (0)
25%
362 Pontus Wernbloom MF, FW 5 0 (0)
25%
364 Rafael DF, MF 5 0 (2)
25%
365 Raffael MF, FW 5 1 (0)
25%
261 Raúl Jiménez FW 6 1 (0)
25%
78 Remko Pasveer GK 1 0 (0)
25%
367 Renato Steffen MF, FW 5 1 (0)
25%
264 Ricardo van Rhijn DF 6 0 (0)
25%
82 Robbie Kruse MF, FW 1 0 (0)
25%
589 Roman Eremenko MF 2 1 (0)
25%
368 Ruud Vormer MF 5 0 (1)
25%
269 Scott Brown MF 6 0 (0)
25%
464 Sebastian Rode MF 4 0 (0)
25%
465 Sergei Ignashevich DF 4 0 (0)
25%
271 Sergi Darder MF 6 0 (0)
25%
119 Sergio Escudero DF, MF 8 1 (1)
25%
87 Silvestre Varela MF, FW 1 0 (0)
25%
376 Stefano Denswil DF 5 0 (0)
25%
466 Stefano Sturaro MF 4 0 (0)
25%
593 Stevan Jovetić MF, FW 2 0 (1)
25%
279 Thomas Delaney MF 6 1 (1)
25%
468 Timmy Simons DF, MF 4 0 (0)
25%
469 Tin Jedvaj DF 4 0 (0)
25%
594 Tiquinho Soares FW 2 0 (0)
25%
282 Tomáš Vaclík GK 6 0 (0)
25%
537 Tony Jantschke DF, MF 3 0 (0)
25%
284 Viktor Tsyhankov MF, FW 6 1 (1)
25%
123 Vitolo MF, FW 8 0 (1)
25%
97 Vlad Chiricheș DF, MF 1 0 (0)
25%
290 William Kvist MF 6 0 (0)
25%
394 Yacine Brahimi MF, FW 5 1 (0)
25%
596 Yohan Benalouane DF 2 0 (0)
25%
474 Zoran Tošić MF, FW 4 0 (2)
25%
539 Abdoulay Diaby MF, FW 2 0 (0)
0%
396 Adam Hloušek DF, FW 4 0 (0)
0%
540 Adrian Šemper GK 2 0 (0)
0%
541 Aldo Kalulu MF, FW 2 0 (0)
0%
397 Aleksandar Prijović FW 4 2 (2)
0%
4 Aleksandr Bukharov FW 1 0 (0)
0%
167 Aleksandr Erokhin MF, FW 6 0 (1)
0%
477 Aleksei Ionov MF, FW 3 0 (1)
0%
542 Alexander Fransson MF 2 0 (0)
0%
169 Alexandru Gațcan MF 6 0 (0)
0%
478 Alexandru Mățel DF 3 0 (0)
0%
479 Amer Gojak MF, FW 3 0 (0)
0%
400 Andraž Šporar FW 4 0 (0)
0%
401 André Almeida DF, MF 4 0 (1)
0%
299 Andreas Cornelius FW 5 1 (0)
0%
403 Andreas Samaris MF 4 0 (0)
0%
481 André Carrillo MF, FW 3 0 (0)
0%
543 André Horta MF, FW 2 0 (0)
0%
404 Andrei Prepeliță MF 4 0 (0)
0%
5 Andrija Živković MF, FW 1 0 (0)
0%
175 Anicet Abel MF, FW 6 0 (0)
0%
408 Ante Ćorić MF 4 0 (0)
0%
409 Anthony Limbombe DF, FW 4 0 (0)
0%
302 Arkadiusz Malarz GK 5 0 (0)
0%
6 Armin Hodžić MF, FW 1 0 (0)
0%
483 Artem Besyedin MF, FW 3 1 (0)
0%
7 Artem Hromov MF, FW 1 0 (0)
0%
303 Artur Rudko GK 5 0 (0)
0%
545 Astemir Gordyushenko MF, FW 2 0 (0)
0%
8 Atınç Nukan DF 1 0 (0)
0%
178 Bartosz Bereszyński DF, FW 6 0 (1)
0%
412 Bart Ramselaar MF, FW 4 0 (0)
0%
546 Ben Chilwell DF, MF 2 0 (0)
0%
9 Ben Hamer GK 1 0 (0)
0%
304 Benjamin Verbič MF, FW 5 0 (1)
0%
305 Benoît Poulain DF, MF 5 0 (0)
0%
306 Bibras Natkho MF, FW 5 1 (0)
0%
307 Birkir Bjarnason MF, FW 5 0 (0)
0%
10 Björn Engels DF 1 0 (0)
0%
485 Bojan Knežević MF 3 0 (0)
0%
486 Boli Bolingoli-Mbombo DF, MF 3 0 (0)
0%
308 Carlos Strandberg FW 5 0 (0)
0%
12 Christian Maggio DF, MF 1 0 (0)
0%
13 Christopher Nkunku MF, FW 1 0 (0)
0%
549 Cicinho DF, MF 2 0 (0)
0%
311 Claudiu Keșerü FW 5 1 (0)
0%
16 Corentin Jean MF, FW 1 0 (0)
0%
187 Cosmin Moți DF 6 0 (0)
0%
550 Cristian Gamboa DF, MF 2 0 (0)
0%
551 Daniel Carriço DF, MF 2 0 (0)
0%
18 Danny Amankwaa MF, FW 1 0 (0)
0%
490 Davide Callà MF 3 0 (0)
0%
314 Denis Terentyev DF 5 0 (0)
0%
491 Denys Harmash MF, FW 3 1 (0)
0%
21 Dino Perić DF 1 0 (0)
0%
193 Dmitry Poloz MF, FW 6 3 (2)
0%
553 Domagoj Antolić MF 2 0 (0)
0%
316 Domagoj Pavičić MF, FW 5 0 (0)
0%
22 Dorus de Vries GK 1 0 (0)
0%
23 Dženis Burnić MF 1 0 (0)
0%
196 Éder Álvarez Balanta DF, MF, FW 6 0 (0)
0%
89 Eduardo Salvio MF, FW 8 3 (4)
0%
554 Elías MF 2 0 (0)
0%
555 Emanuele Giaccherini MF, FW 2 0 (0)
0%
24 Emanuel Mammana DF 1 0 (0)
0%
493 Emilio Izaguirre DF 3 0 (0)
0%
25 Eoghan O'Connell DF 1 0 (0)
0%
198 Erik Sviatchenko DF 6 0 (1)
0%
26 Evandro Goebel MF 1 0 (0)
0%
496 Ezequiel Schelotto DF, MF 3 0 (0)
0%
319 Fabricio GK 5 0 (0)
0%
418 Federico Santander FW 4 1 (0)
0%
419 Felipe Gedoz MF, FW 4 0 (0)
0%
320 Filip Benković DF, FW 5 0 (0)
0%
27 Filipe Augusto MF 1 0 (0)
0%
135 Franco Cervi DF, MF, FW 7 2 (0)
0%
558 Fyodor Chalov FW 2 0 (0)
0%
421 Fyodor Kudryashov DF 4 0 (0)
0%
559 Gabriel Boschilia MF, FW 2 0 (0)
0%
28 Ganso MF, FW 1 0 (0)
0%
29 Gary Mackay-Steven MF 1 0 (0)
0%
202 Georgi Milanov DF, MF, FW 6 0 (0)
0%
203 Georgi Shchennikov DF, MF, FW 6 0 (0)
0%
561 Gökhan Gönül DF 2 0 (0)
0%
325 Gordon Schildenfeld DF 5 0 (0)
0%
326 Guido Carrillo FW 5 0 (1)
0%
562 Guillermo Celis MF 2 0 (0)
0%
563 Gustavo Campanharo MF 2 0 (0)
0%
30 Harvey Barnes MF, FW 1 0 (0)
0%
31 Hiroshi Kiyotake MF, FW 1 0 (0)
0%
33 Igor Kireyev MF 1 0 (0)
0%
500 Ihor Plastun DF 3 0 (0)
0%
424 Ivan Fiolić MF, FW 4 0 (0)
0%
95 Iván Marcano DF 8 0 (0)
0%
425 Jakub Czerwiński DF 4 0 (0)
0%
330 Jakub Rzeźniczak DF 5 0 (0)
0%
426 Ján Greguš MF 4 0 (0)
0%
36 Jefferson Nascimento DF 1 0 (0)
0%
216 Jérémy Morel DF 6 0 (0)
0%
430 Jody Lukoki MF, FW 4 0 (0)
0%
567 Joel Pohjanpalo MF, FW 2 0 (0)
0%
432 Jonas MF 4 0 (0)
0%
37 Jonas FW 1 0 (0)
0%
218 Jonathan Cafu DF, MF, FW 6 2 (2)
0%
504 Jordan Ferri MF 3 1 (0)
0%
39 Jordy de Wijs DF 1 0 (0)
0%
40 Jordy Gaspar DF, MF 1 0 (0)
0%
434 José Izquierdo MF, FW 4 1 (0)
0%
337 José Luis Palomino DF 5 0 (0)
0%
338 Josip Pivarić DF 5 0 (0)
0%
571 Jozo Šimunović DF 2 0 (0)
0%
339 Julian Korb DF, MF 5 0 (0)
0%
43 Kasper Hämäläinen MF, FW 1 0 (0)
0%
574 Kasper Kusk MF, FW 2 0 (0)
0%
44 Kévin N'Doram DF, MF 1 0 (0)
0%
507 Kieran Tierney DF, MF, FW 3 0 (0)
0%
578 Kirill Nababkin DF, MF, FW 2 0 (0)
0%
513 Laurens De Bock DF 3 0 (0)
0%
47 Laurent Depoitre FW 1 0 (0)
0%
514 Leigh Griffiths FW 3 0 (0)
0%
49 Lior Refaelov MF, FW 1 0 (0)
0%
51 Lucas Sasha DF, MF 1 0 (0)
0%
52 Lucas Tousart MF 1 0 (0)
0%
229 Luca Zuffi MF 6 1 (0)
0%
50 Luc Castaignos FW 1 0 (0)
0%
441 Luciano Vietto MF, FW 4 1 (1)
0%
230 Ludovic Butelle GK 6 0 (0)
0%
231 Ludwig Augustinsson DF, MF, FW 6 0 (3)
0%
581 Maciej Dąbrowski DF 2 0 (0)
0%
443 Maciej Rybus DF, MF 4 0 (0)
0%
53 Maksim Grigoryev MF 1 0 (0)
0%
347 Mapou Yanga-Mbiwa DF 5 0 (0)
0%
54 Marc Cardona DF, MF, FW 1 0 (0)
0%
349 Marcelinho MF, FW 5 0 (0)
0%
234 Marek Suchý DF 6 0 (0)
0%
351 Mario Šitum DF, MF, FW 5 0 (0)
0%
352 Marvin Zeegelaar DF, FW 5 0 (0)
0%
58 Mateusz Wieteska DF 1 0 (0)
0%
236 Mathias Jørgensen DF 6 2 (0)
0%
237 Matías Emilio Delgado MF 6 0 (0)
0%
355 Michael Lang DF, MF, FW 5 0 (0)
0%
356 Michał Kopczyński MF, FW 5 0 (0)
0%
450 Michał Kucharczyk MF, FW 4 1 (0)
0%
59 Miguel Ángel Moyá GK 1 0 (0)
0%
583 Mihail Aleksandrov MF 2 0 (0)
0%
241 Miha Mevlja DF, MF 6 0 (0)
0%
60 Mikael Antonsson DF 1 0 (0)
0%
61 Milan Borjan GK 1 0 (0)
0%
243 Miroslav Radović MF 6 2 (2)
0%
63 Morgan De Sanctis GK 1 0 (0)
0%
519 Mouctar Diakhaby DF 3 0 (0)
0%
520 Mykola Morozyuk DF, MF, FW 3 0 (0)
0%
64 Mykyta Burda DF 1 0 (0)
0%
245 Natanael DF, MF 6 1 (1)
0%
66 Necip Uysal DF, MF 1 0 (0)
0%
359 Nemanja Nikolić FW 5 1 (0)
0%
249 Nicolás Pareja DF 6 1 (0)
0%
456 Nikita Korzun MF 4 0 (0)
0%
68 Nikola Moro MF 1 0 (0)
0%
457 Nir Bitton DF, MF 4 0 (1)
0%
586 Olcay Şahan MF, FW 2 0 (0)
0%
69 Oleh Husyev DF, MF 1 0 (0)
0%
523 Oleksandr Hladkyy FW 3 0 (0)
0%
70 Oleksandr Shovkovskiy GK 1 0 (0)
0%
71 Omar Gaber DF, MF 1 0 (0)
0%
361 Oscar Wendt DF, MF 5 0 (0)
0%
525 Patrick Herrmann DF, MF, FW 3 0 (0)
0%
588 Pavel Orekhovskiy MF 2 0 (0)
0%
462 Petar Stojanović DF, MF 4 0 (0)
0%
256 Peter Ankersen DF 6 0 (0)
0%
363 Rachid Ghezzal MF, FW 5 0 (1)
0%
74 Radosav Petrović DF, MF 1 0 (0)
0%
75 Radosław Cierzniak GK 1 0 (0)
0%
76 Ramazan Özcan GK 1 0 (0)
0%
77 Ramon Lundqvist MF, FW 1 0 (0)
0%
259 Rasmus Falk MF, FW 6 0 (0)
0%
79 Rhodolfo DF 1 0 (0)
0%
80 Ricardo Esgaio DF, MF, FW 1 0 (0)
0%
83 Roberto Hilbert DF, MF 1 0 (0)
0%
85 Ron-Robert Zieler GK 1 0 (0)
0%
591 Saeid Ezatolahi MF 2 0 (0)
0%
369 Samir Nasri MF, FW 5 1 (0)
0%
463 Santiago Arias DF, MF 4 1 (0)
0%
370 Scott Sinclair MF, FW 5 0 (0)
0%
372 Serhiy Rybalka MF 5 0 (1)
0%
373 Serhiy Sydorchuk MF 5 1 (1)
0%
274 Soslan Dzhanayev GK 6 0 (0)
0%
592 Steeven Langil MF, FW 2 0 (0)
0%
276 Svetoslav Dyakov MF 6 0 (0)
0%
533 Talisca MF, FW 3 1 (0)
0%
379 Thibault Moulin MF 5 1 (1)
0%
380 Timofei Kalachev DF, MF 5 0 (0)
0%
91 Timothée Kolodziejczak DF 1 0 (0)
0%
381 Tobias Strobl DF, MF 5 0 (0)
0%
382 Tolgay Arslan MF 5 0 (0)
0%
92 Tolga Zengin GK 1 0 (0)
0%
384 Tomás Pina Isla MF 5 0 (0)
0%
385 Tomasz Jodłowiec DF, MF 5 0 (0)
0%
93 Tom Høgli DF 1 0 (0)
0%
383 Tom Rogić MF, FW 5 0 (0)
0%
94 Tosin Adarabioyo DF 1 0 (0)
0%
283 Vadis Odjidja-Ofoe DF, MF 6 1 (1)
0%
595 Valeri Qazaishvili MF, FW 2 0 (0)
0%
95 Valeriy Fedorchuk MF 1 0 (0)
0%
286 Virgil Misidjan MF, FW 6 1 (0)
0%
470 Vitaliy Buyalskyi MF, FW 4 1 (0)
0%
96 Vitinha DF 1 0 (0)
0%
471 Vitorino Antunes DF, MF 4 0 (0)
0%
287 Vladimir Granat DF 6 0 (0)
0%
389 Vladislav Stoyanov GK 5 0 (0)
0%
98 Vladlen Yurchenko MF 1 1 (0)
0%
288 Wanderson MF, FW 6 1 (1)
0%
99 Willy Boly DF 1 0 (0)
0%
292 Yevhen Khacheridi DF 6 0 (0)
0%
538 Yevhen Makarenko DF, MF 3 0 (0)
0%
473 Yordan Minev DF 4 0 (0)
0%
293 Youssef Toutouh MF, FW 6 0 (0)
0%
No matching quizzes found
Score Distribution
Percent of People with Each Score
Percentile by Number Answered
Your Score History
You have not taken this quiz